000 00374nam a22001697a 4500
003 OSt
008 250421b |||||||| |||| 00| 0 eng d
020 _a9789386551979
082 _a005.133 RAC
100 _aRAI,Som Prakash
245 _aCore Java
250 _a1st Rep Ed
260 _aNew Delhi
_bBPB
_c2025
300 _a575
650 _aCore Java
942 _2ddc
_cBK
999 _c13362
_d13362